000 00473nam a2200181 a 4500
001 1777027203748
003 YourLibrary
005 20260424161208.0
008 260424s2002##################000#0#eng##
020 _a9780406924056
082 0 4 _a344.2DUG
100 1 _aDugdale, Tony,
_eauthor.
245 1 0 _a'A' Level Law :
260 _bOxford University Press, USA,
_c2002.
650 0 _aBar examinations.
942 _cENGLISH
040 _aYourLibrary
_beng
_cYourLibrary
999 _c619878
_d619878